00469 2200205 4500001002100000008004100021035002000062245002600082100001200108250000600120260004200126300001100168084001400179082000800193650001400201990001200215990001200227990001200239990001200251INLIS000000000000566 ind  a0010-0424000542 aGenerator ACcWardoyo aWardoyo a1 aKlaten :bSaka Mitra Kompetensic2011 a68 hlm a600 WAR g a600 aNon Fiksi a0722292 a0722293 a0722294 a0722295